=LDR 00000nam 2200000 4500 =001 INLIS000000000040160 =005 20150113125840.0 =006 =007 =008 Ind =035 ##$$0010-061300000040160 =041 ##$$a Ind =082 ##$$a 613 =090 ##$$a 613, Pri s =100 ##$$a Priandarini, Lucia =245 ##$$a 1001 tip sehat, Lucia Priandarini ; editor, Ahli dr Affan Priyambodo =260 ##$$a 2010 $b Jakarta =300 ##$$a vi, 282 hlm, 21 cm =650 ##$$a Kesehatan =850 ##$$a NBPNMAT =990 ##$$a 0001/BPAP-NTB/20142014